Cities With Same-Sex Marriage – Sudden Death - Statistics

General Stats
  • This quiz has been taken 885 times
  • The average score is 6 of 18
Answers on the Grid
Answers color-coded by a green-red scale on the quiz's grid according to % correct below.
Aarhus
Antwerp
Arequipa
Barranquilla
Belo Horizonte
Brno
Busan
Camagüey
Cork
Donetsk
Dubrovnik
Elbasan
Geneva
Guayaquil
Johannesburg
Limassol
Łódź
Malmö
Maracaibo
Mixco
Naples
Nice
Phuket
Plovdiv
Rosario
Salzburg
San Francisco
Schaan
Singapore
Tel Aviv
Thessaloniki
Toronto
 
Answer Stats
Answer % Correct
Antwerp
82%
Aarhus
62%
Cork
46%
Geneva
45%
San Francisco
44%
Toronto
42%
Nice
40%
Malmö
39%
Salzburg
30%
Belo Horizonte
29%
Johannesburg
29%
Barranquilla
20%
Thessaloniki
18%
Phuket
15%
Rosario
11%
Guayaquil
9%
Schaan
8%
Camagüey
5%
No matching quizzes found
Score Distribution
Percent of People with Each Score
Percentile by Number Answered
Your Score History
You have not taken this quiz